[Event "Santa Margalida Mallorca-ch"]
[Site "Santa Margalida"]
[Date "2016.11.25"]
[Round "5"]
[White "Aguado Doncel, Pablo Luis"]
[Black "Aguilo Pons, Francesc"]
[Result "0-1"]
[WhiteElo "1637"]
[BlackElo "1899"]
[PlyCount "78"]
[EventDate "2016.11.11"]
[EventType "swiss"]
[EventRounds "8"]
[EventCountry "ESP"]
[SourceTitle "EXT 2018"]
[Source "ChessBase"]
[SourceDate "2017.10.13"]
[SourceVersion "1"]
[SourceVersionDate "2017.10.13"]
[SourceQuality "1"]

1. d4 d5 2. c4 c6 3. Nc3 Nf6 4. Nf3 dxc4 5. e3 b5 6. a4 b4 7. Na2 a5 8. Bxc4 Ba6 9. Bxa6 Nxa6 10. 0-0 Qd5 11. Bd2 e6 12. Nc1 Be7 13. Nd3 0-0 14. Nde5 Ne4 15. Qc2 c5 16. Qc4 Rfd8 17. Rad1 f6 18. Qxd5 Rxd5 19. Nc4 Bd8 20. Bc1 Bc7 21. Nfd2 Nxd2 22. Rxd2 Rad8 23. Rfd1 cxd4 24. Rxd4 Nc5 25. Rxd5 Rxd5 26. Rxd5 exd5 27. Nd2 Nxa4 28. Nb3 Bb6 29. Kf1 Kf7 30. Ke2 Ke7 31. Kd3 Kd6 32. f3 Nc5+ 33. Nxc5 Kxc5 34. b3 Kb5 35. Kc2 a4 36. bxa4+ Kxa4 37. Kb2 b3 38. Bd2 Bc5 39. Bc3 Bxe3 0-1

[Event "Santa Margalida Mallorca-ch"]
[Site "Santa Margalida"]
[Date "2016.11.18"]
[Round "3"]
[White "Aguilo Pons, Francesc"]
[Black "Munoz Visiedo, Juan Carlos"]
[Result "1/2-1/2"]
[WhiteElo "1899"]
[BlackElo "2129"]
[PlyCount "69"]
[EventDate "2016.11.11"]
[EventType "swiss"]
[EventRounds "8"]
[EventCountry "ESP"]
[SourceTitle "EXT 2018"]
[Source "ChessBase"]
[SourceDate "2017.10.13"]
[SourceVersion "1"]
[SourceVersionDate "2017.10.13"]
[SourceQuality "1"]

1. e4 e5 2. Nf3 Nc6 3. d4 exd4 4. Nxd4 Bc5 5. Nb3 Bb6 6. Nc3 d6 7. Bd3 Nf6 8. h3 h6 9. 0-0 0-0 10. Kh1 Be6 11. f4 Qd7 12. Qf3 Bxb3 13. axb3 Rfe8 14. Bd2 Nb4 15. Rae1 Nxd3 16. Qxd3 Qc6 17. Qf3 Rad8 18. Re2 Bd4 19. Rfe1 Qc5 20. g4 Qc6 21. Kh2 Bxc3 22. Bxc3 d5 23. Bxf6 dxe4 24. Bxd8 exf3 25. Rxe8+ Kh7 26. Kg3 Qxc2 27. Kxf3 Qh2 28. Bh4 Qxh3+ 29. Bg3 h5 30. gxh5 Qxh5+ 31. Kf2 Qc5+ 32. R1e3 f6 33. R8e7 Qc2+ 34. Kf3 Kg6 35. Rc3 1/2-1/2

[Event "ESP-ch Seniors"]
[Site "Alcudia"]
[Date "2011.10.12"]
[Round "5"]
[White "Anguera Maestro, Jaime"]
[Black "Aguilo Pons, Francesc"]
[Result "1-0"]
[WhiteElo "2150"]
[BlackElo "1896"]
[PlyCount "31"]
[EventDate "2011.10.08"]
[EventType "swiss"]
[EventRounds "7"]
[EventCountry "ESP"]
[SourceTitle "EXT 2014"]
[Source "ChessBase"]
[SourceDate "2013.11.20"]
[SourceVersion "1"]
[SourceVersionDate "2013.11.20"]
[SourceQuality "1"]

1. d4 d5 2. Nf3 Nf6 3. Bf4 c6 4. e3 Nbd7 5. Bd3 e6 6. 0-0 Be7 7. Nbd2 0-0 8. Ne5 c5 9. c3 Qa5 10. Qe2 Re8 11. Bg5 Nxe5 12. dxe5 Ne4 13. Nxe4 dxe4 14. Bb5 Bxg5 15. Bxe8 Qc7 16. Qh5 1-0

[Event "ESP-ch Seniors"]
[Site "Alcudia"]
[Date "2011.10.08"]
[Round "1"]
[White "Aguilo Pons, Francesc"]
[Black "Buxade Roca, Guillermo"]
[Result "1-0"]
[WhiteElo "1896"]
[BlackElo "2181"]
[PlyCount "109"]
[EventDate "2011.10.08"]
[EventType "swiss"]
[EventRounds "7"]
[EventCountry "ESP"]
[SourceTitle "EXT 2014"]
[Source "ChessBase"]
[SourceDate "2013.11.20"]
[SourceVersion "1"]
[SourceVersionDate "2013.11.20"]
[SourceQuality "1"]

1. e4 c5 2. Nf3 Nc6 3. d4 cxd4 4. Nxd4 Nf6 5. Nc3 e5 6. Ndb5 d6 7. Bg5 a6 8. Na3 b5 9. Nd5 Be7 10. Bxf6 Bxf6 11. c3 Bg5 12. h4 Bxh4 13. Rxh4 Qxh4 14. Nc7+ Ke7 15. Nxa8 Qxe4+ 16. Qe2 Bf5 17. Qxe4 Bxe4 18. Nc7 Nb8 19. 0-0-0 b4 20. Nb1 a5 21. f3 Bb7 22. Nd5+ Ke6 23. Bc4 bxc3 24. Nbxc3 Rd8 25. Ne3+ Kf6 26. Ncd5+ Kg5 27. Ne7 g6 28. N3d5 f5 29. Kd2 Nc6 30. Nxc6 Bxc6 31. Ke3 h5 32. b3 Bb7 33. Nc3 Kh4 34. Kf2 Kg5 35. Nb5 d5 36. Nc7 Rc8 37. Nxd5 a4 38. g3 axb3 39. axb3 Ra8 40. Rd2 f4 41. Re2 fxg3+ 42. Kxg3 Re8 43. Nc3 h4+ 44. Kg2 Rf8 45. Nd5 Rf5 46. Re3 Kh6 47. Kh3 Rh5 48. Ne7 Kg7 49. Bd5 Ba6 50. Be4 Bf1+ 51. Kh2 Rg5 52. Re1 Kf6 53. Nd5+ Ke6 54. Ne3 Kd6 55. Nxf1 1-0